An impartial trial of the spirit operating in this part of the world : by comparing the nature, effects, and evidences of the present supposed conversion, with the word of God. A sermon, preached at New London-Derry, October 14th, 1741. On I John iv, I. By John Caldwell, A.M. Published at the desire of the old congregation in the said town. [Six lines of Scripture texts].

Bibliographic Details
Main Author: Caldwell, John, A.M
Corporate Author: Gale (Firm)
Other Authors: Parks, William, -1750 (Printer)
Format: eBook
Language:English
Subjects:
Online Access:Connect to the full text of this electronic book

MARC

Tag First Indicator Second Indicator Subfields
LEADER 00000cam a2200000 4500
001 in00003876708
005 20190415192533.0
006 m o d
007 cr |n||||||||n
008 850912s1747 xxu|||| o 00| | eng c
035 |a (CU-RivES)W1745 
035 |a (Uk-ES)006435225 
035 |a (OCoLC)510847815 
040 |a MWA  |c MWA  |d Uk-ES  |d CStRLIN  |d Cengage Gale  |d UtOrBLW 
050 4 |a Z1215  |b .C353 1747 
100 1 |a Caldwell, John,  |c A.M.  |0 http://id.loc.gov/authorities/names/nr91015082 
245 1 3 |a An impartial trial of the spirit operating in this part of the world :  |b by comparing the nature, effects, and evidences of the present supposed conversion, with the word of God. A sermon, preached at New London-Derry, October 14th, 1741. On I John iv, I. By John Caldwell, A.M. Published at the desire of the old congregation in the said town. [Six lines of Scripture texts]. 
264 3 |a [Williamsburg, Va.] :  |b Boston: printed, and re-printed by William Parks, in Williamsburg,  |c M,DCC,XLVII. [1747] 
300 |a 1 online resource (xvi,28 pages)  
336 |a text  |b txt  |2 rdacontent 
337 |a computer  |b c  |2 rdamedia 
338 |a online resource  |b cr  |2 rdacarrier 
510 4 |a Bristol,  |c B1342 
510 4 |a Shipton and Mooney,  |c 40423 
510 4 |a English Short Title Catalog,  |c W1745. 
500 |a Reproduction of original from Library of Congress. 
500 |a Electronic resource. 
650 0 |a Methodism.  |0 http://id.loc.gov/authorities/subjects/sh85084392 
650 0 |a Great Awakening.  |0 http://id.loc.gov/authorities/subjects/sh85056598 
655 7 |a Electronic books.  |2 local 
655 7 |a Sermons  |y 1741.  |2 rbgenr 
700 1 |a Parks, William,  |d -1750,  |e printer.  |0 http://id.loc.gov/authorities/names/n87913988 
710 2 |a Gale (Firm)  |0 http://id.loc.gov/authorities/names/no2008071348 
752 |a United States  |b Virginia  |d Williamsburg. 
856 4 0 |u http://proxy.library.tamu.edu/login?url=http://find.galegroup.com/ecco/infomark.do?contentSet=ECCOArticles&docType=ECCOArticles&bookId=1414501100&type=getFullCitation&tabID=T001&prodId=ECCO&docLevel=TEXT_GRAPHICS&version=1.0&source=library&userGroupName=txshracd2898  |z Connect to the full text of this electronic book  |t 0 
999 f f |s bd22d66a-86f8-3d15-8830-7d42c699af12  |i 1a8e5362-0efa-3acc-9b51-d026d4006f4a  |t 0 
952 f f |a Texas A&M University  |b College Station  |c Electronic Resources  |d Available Online  |t 0  |e Z1215 .C353 1747  |h Library of Congress classification 
998 f f |a Z1215 .C353 1747  |t 0  |l Available Online